000 00463nam a2200157 4500
001 108514
003 ES-MaACL
005 20230906184644.0
007 t|
008 061121s1959 sp r ||||1| spa d
100 1 _aMonier, Prósper.
_982211
245 1 3 _aEl sermón de la montaña
_b: el espíritu de Jesucristo /
_cPrósper Monier.
260 _aMadrid :
_bDescleé de Brouwer,
_c1959.
300 _a155 p. ;
_c19 cm.
852 _aES-MaACL
_jC-16332
_bR.44450
999 _c108514
_d108514